000 00396nam a2200133Ia 4500
005 20260328104344.0
008 260328s9999||||xx |||||||||||||| ||und||
100 _aAirey, David
245 0 _aDiseño de Logos. La guía definitiva para crear la identidad Visual de una marca. /
_cDavid Airey
260 _bAnaya Multimedia
300 _a232 p.
650 _aDISEÑO Y COMUNICACIÓN
942 _cBK
999 _c12219
_d12219